<?xml version="1.0" encoding="UTF-8"?>
<collection xmlns="http://www.loc.gov/MARC21/slim">
 <record>
  <leader>01860nam a22002657a 4500</leader>
  <controlfield tag="001">NCT_4_017059</controlfield>
  <controlfield tag="008">250211b        xxu||||| |||| 00| 0 vie d</controlfield>
  <datafield tag="999" ind1=" " ind2=" ">
   <subfield code="c">8817</subfield>
   <subfield code="d">8817</subfield>
  </datafield>
  <datafield tag="020" ind1=" " ind2=" ">
   <subfield code="a">9786043463743</subfield>
   <subfield code="c">116000</subfield>
  </datafield>
  <datafield tag="082" ind1="0" ind2="4">
   <subfield code="2">23rd ed.</subfield>
   <subfield code="a">658.3</subfield>
   <subfield code="b">H502</subfield>
  </datafield>
  <datafield tag="100" ind1="1" ind2=" ">
   <subfield code="a">Đào Duy Huân</subfield>
  </datafield>
  <datafield tag="245" ind1="1" ind2="0">
   <subfield code="a">Sách chuyên khảo: Quản lý nhân lực trong doanh nghiệp theo hiệu suất</subfield>
   <subfield code="b">= Human resources management in enterprises according to performance</subfield>
   <subfield code="c">Đào Duy Huân, Lâm Hoàng Dẳng (Đồng chủ biên) ; Lê Nhựt Pil (thành viên)</subfield>
  </datafield>
  <datafield tag="260" ind1=" " ind2=" ">
   <subfield code="a">TP.HCM</subfield>
   <subfield code="b">Kinh tế</subfield>
   <subfield code="c">2024</subfield>
  </datafield>
  <datafield tag="300" ind1=" " ind2=" ">
   <subfield code="a">375tr.</subfield>
   <subfield code="c">24 cm</subfield>
  </datafield>
  <datafield tag="520" ind1="3" ind2=" ">
   <subfield code="a">Nội dung quyển sách giới thiệu tổng quát về quản lý nhân lực trong doanh nghiệp theo hiệu suất, quản lý nhân viên làm theo hiệu suất,....</subfield>
  </datafield>
  <datafield tag="653" ind1=" " ind2=" ">
   <subfield code="a">Quản trị kinh doanh</subfield>
  </datafield>
  <datafield tag="700" ind1="1" ind2=" ">
   <subfield code="a">Lâm Hoàng Dẳng</subfield>
   <subfield code="e">Đồng chủ biên</subfield>
  </datafield>
  <datafield tag="700" ind1="1" ind2=" ">
   <subfield code="a">Lê Nhựt Pil</subfield>
   <subfield code="e">Thành viên</subfield>
  </datafield>
  <datafield tag="942" ind1=" " ind2=" ">
   <subfield code="2">ddc</subfield>
   <subfield code="c">BK</subfield>
  </datafield>
  <datafield tag="952" ind1=" " ind2=" ">
   <subfield code="0">0</subfield>
   <subfield code="1">0</subfield>
   <subfield code="2">ddc</subfield>
   <subfield code="4">0</subfield>
   <subfield code="6">658_300000000000000_H502</subfield>
   <subfield code="7">0</subfield>
   <subfield code="9">30342</subfield>
   <subfield code="a">000001</subfield>
   <subfield code="b">000001</subfield>
   <subfield code="d">2025-02-11</subfield>
   <subfield code="o">658.3 H502</subfield>
   <subfield code="p">MD.23172</subfield>
   <subfield code="r">2025-02-12</subfield>
   <subfield code="v">116000.00</subfield>
   <subfield code="w">2025-02-11</subfield>
   <subfield code="y">BK</subfield>
  </datafield>
  <datafield tag="952" ind1=" " ind2=" ">
   <subfield code="0">0</subfield>
   <subfield code="1">0</subfield>
   <subfield code="2">ddc</subfield>
   <subfield code="4">0</subfield>
   <subfield code="6">658_300000000000000_H502</subfield>
   <subfield code="7">0</subfield>
   <subfield code="9">30343</subfield>
   <subfield code="a">000001</subfield>
   <subfield code="b">000001</subfield>
   <subfield code="d">2025-02-11</subfield>
   <subfield code="o">658.3 H502</subfield>
   <subfield code="p">MD.23173</subfield>
   <subfield code="r">2025-02-11</subfield>
   <subfield code="v">116000.00</subfield>
   <subfield code="w">2025-02-11</subfield>
   <subfield code="y">BK</subfield>
  </datafield>
  <datafield tag="952" ind1=" " ind2=" ">
   <subfield code="0">0</subfield>
   <subfield code="1">0</subfield>
   <subfield code="2">ddc</subfield>
   <subfield code="4">0</subfield>
   <subfield code="6">658_300000000000000_H502</subfield>
   <subfield code="7">0</subfield>
   <subfield code="9">30344</subfield>
   <subfield code="a">000001</subfield>
   <subfield code="b">000001</subfield>
   <subfield code="d">2025-02-11</subfield>
   <subfield code="o">658.3 H502</subfield>
   <subfield code="p">MD.23174</subfield>
   <subfield code="r">2025-02-11</subfield>
   <subfield code="v">116000.00</subfield>
   <subfield code="w">2025-02-11</subfield>
   <subfield code="y">BK</subfield>
  </datafield>
  <datafield tag="952" ind1=" " ind2=" ">
   <subfield code="0">0</subfield>
   <subfield code="1">0</subfield>
   <subfield code="2">ddc</subfield>
   <subfield code="4">0</subfield>
   <subfield code="6">658_300000000000000_H502</subfield>
   <subfield code="7">0</subfield>
   <subfield code="9">30345</subfield>
   <subfield code="a">000001</subfield>
   <subfield code="b">000001</subfield>
   <subfield code="d">2025-02-11</subfield>
   <subfield code="o">658.3 H502</subfield>
   <subfield code="p">MD.23175</subfield>
   <subfield code="r">2025-02-11</subfield>
   <subfield code="v">116000.00</subfield>
   <subfield code="w">2025-02-11</subfield>
   <subfield code="y">BK</subfield>
  </datafield>
  <datafield tag="952" ind1=" " ind2=" ">
   <subfield code="0">0</subfield>
   <subfield code="1">0</subfield>
   <subfield code="2">ddc</subfield>
   <subfield code="4">0</subfield>
   <subfield code="6">658_300000000000000_H502</subfield>
   <subfield code="7">0</subfield>
   <subfield code="9">30346</subfield>
   <subfield code="a">000001</subfield>
   <subfield code="b">000001</subfield>
   <subfield code="d">2025-02-11</subfield>
   <subfield code="l">1</subfield>
   <subfield code="o">658.3 H502</subfield>
   <subfield code="p">MD.23176</subfield>
   <subfield code="r">2025-03-22</subfield>
   <subfield code="s">2025-03-22</subfield>
   <subfield code="v">116000.00</subfield>
   <subfield code="w">2025-02-11</subfield>
   <subfield code="y">BK</subfield>
  </datafield>
  <datafield tag="980" ind1=" " ind2=" ">
   <subfield code="a">Thư viện Trường Đại học Nam Cần Thơ</subfield>
  </datafield>
 </record>
</collection>
